[Event "40th ECC Open 2025"]
[Site "Rhodes GRE"]
[Date "2025.10.20"]
[Round "2.84"]
[White "Mindlin, Alon"]
[Black "Karaca, Yigit"]
[Result "1-0"]
[WhiteTitle "IM"]
[WhiteElo "2451"]
[BlackElo "2183"]
[WhiteTeam "Kfar Saba"]
[BlackTeam "Guzelbahce Satranc Spor Kulubu"]
[WhiteFideId "2800071"]
[BlackFideId "26314118"]
[EventDate "2025.10.19"]
[EventType "team"]

1. c4 e6 2. Nc3 d5 3. d4 Be7 4. Nf3 Nf6 5. Bg5 c6 6. e3 Nbd7 7. Bd3 dxc4 8. Bxc4
b5 9. Bd3 Bb7 10. e4 h6 11. Bxf6 Nxf6 12. O-O a6 13. e5 Nd7 14. Qe2 c5 15. d5
exd5 16. e6 Nf6 17. exf7+ Kf8 18. Nh4 g5 19. Ng6+ Kxf7 20. Rfe1 Bd6 21. Nxh8+
Kg7 22. Qe6 Qc7 23. Qf5 Rf8 24. Re6 Be7 25. Rae1 Bd8 26. Rxf6 Rxf6 27. Qh7+ Kf8
28. Ng6+ Rxg6 29. Qxg6 Be7 30. Qf5+ Ke8 31. Nxd5 Bxd5 32. Qxd5 1-0

[Event "40th ECC Open 2025"]
[Site "Rhodes GRE"]
[Date "2025.10.20"]
[Round "2.85"]
[White "Movahed, Sina"]
[Black "Baselmans, Luuk"]
[Result "1/2-1/2"]
[WhiteTitle "GM"]
[BlackTitle "FM"]
[WhiteElo "2586"]
[BlackElo "2384"]
[WhiteTeam "Turkish Airlines sports club"]
[BlackTeam "De Stukkenjagers"]
[WhiteFideId "42520835"]
[BlackFideId "1051008"]
[EventDate "2025.10.19"]
[EventType "team"]

1. e4 e6 2. d4 d5 3. e5 c5 4. c3 Nc6 5. Nf3 Bd7 6. Be2 Nge7 7. O-O Ng6 8. g3 Be7
9. h4 cxd4 10. cxd4 O-O 11. h5 Nh8 12. Na3 f6 13. Kg2 Nf7 14. Bf4 Ng5 15. Bxg5
fxg5 16. Nc2 a5 17. Ne3 Qb6 18. Ng4 Be8 19. Rh1 Rxf3 20. Bxf3 Nxd4 21. Be2 Nxe2
22. Qxe2 d4 23. Kh3 Bc6 24. Rhd1 Rf8 25. Qc4 Bf3 26. Rxd4 Bc5 27. Rd3 Be2 28. h6
Bxd3 29. Qxd3 Rd8 30. Qf3 Be7 31. Rc1 Rf8 32. Qd3 Rd8 33. Qc4 gxh6 34. Nxh6+ Kg7
35. Qc7 Qxc7 36. Rxc7 Re8 37. Ng4 Kg6 38. Rxb7 h5 39. Ne3 Bc5 40. Nd1 Rd8 41.
Nc3 Bxf2 42. Re7 Bd4 43. g4 Bxc3 44. Rxe6+ Kf7 45. Rf6+ Ke7 46. bxc3 Rd3+ 47.
Kg2 hxg4 48. c4 Re3 49. Rf5 Rc3 50. Rxg5 1/2-1/2

[Event "40th ECC Open 2025"]
[Site "Rhodes GRE"]
[Date "2025.10.20"]
[Round "2.86"]
[White "Van Roon, Sjoerd"]
[Black "Xiao, Tong(QD)"]
[Result "0-1"]
[WhiteTitle "FM"]
[BlackTitle "GM"]
[WhiteElo "2288"]
[BlackElo "2537"]
[WhiteTeam "De Stukkenjagers"]
[BlackTeam "Turkish Airlines sports club"]
[WhiteFideId "1051075"]
[BlackFideId "8622388"]
[EventDate "2025.10.19"]
[EventType "team"]

1. e4 c5 2. Nf3 d6 3. d4 cxd4 4. Nxd4 Nf6 5. Nc3 a6 6. Be3 e5 7. Nb3 Be6 8. f3
Nbd7 9. Qd2 b5 10. g4 h6 11. O-O-O Qc7 12. Kb1 Nb6 13. Bxb6 Qxb6 14. Nd5 Bxd5
15. exd5 Be7 16. h4 b4 17. Be2 a5 18. Qd3 O-O 19. f4 a4 20. Nd2 e4 21. Nxe4 b3
22. g5 bxa2+ 23. Kxa2 Rfb8 24. Rb1 Nxd5 25. Ka1 a3 26. b3 Nxf4 27. Qd2 Nxe2 28.
Qxe2 d5 29. Nc3 Qd4 30. Qd3 Qxd3 31. cxd3 hxg5 32. Nxd5 Bd6 33. Rbg1 Rxb3 34.
Rxg5 Rxd3 35. Re1 Rf3 36. Reg1 g6 37. h5 a2 38. hxg6 f6 39. Nxf6+ Rxf6 40. g7
Bb4 41. R5g3 Bc5 0-1

[Event "40th ECC Open 2025"]
[Site "Rhodes GRE"]
[Date "2025.10.20"]
[Round "2.87"]
[White "Oro, Faustino"]
[Black "Bijlsma, Nick"]
[Result "1-0"]
[WhiteTitle "IM"]
[BlackTitle "FM"]
[WhiteElo "2509"]
[BlackElo "2280"]
[WhiteTeam "Turkish Airlines sports club"]
[BlackTeam "De Stukkenjagers"]
[WhiteFideId "20000197"]
[BlackFideId "1007041"]
[EventDate "2025.10.19"]
[EventType "team"]

1. e4 e5 2. Nf3 Nc6 3. Bb5 a6 4. Ba4 Nf6 5. O-O Be7 6. d3 b5 7. Bb3 O-O 8. a4
Bb7 9. Nc3 Nd4 10. Nxd4 exd4 11. Ne2 c5 12. Ng3 d5 13. e5 Nd7 14. Re1 Re8 15.
Nf5 Bf8 16. Bf4 Qb6 17. c3 dxc3 18. bxc3 b4 19. cxb4 Qxb4 20. d4 g6 21. Bc2 Bc6
22. Rb1 Qa5 23. h4 Re6 24. Qg4 Nf6 25. Qg5 Ne4 26. Bxe4 dxe4 27. dxc5 Qxc5 28.
Rec1 Qd5 29. Rd1 Qc4 30. Rbc1 Qxa4 31. Nd4 Be7 32. Qg4 h5 33. Qe2 Bb5 34. Qe1
Rb6 35. e6 f5 36. Be5 Rb7 37. Qe3 Kh7 38. Qf4 Rf8 39. Bd6 Bd3 40. Bxe7 Rxe7 41.
Nc6 Rxe6 42. Rxd3 Rxc6 43. Rd7+ Kg8 44. Rxc6 Qxc6 45. Rd6 Qc5 46. Rxg6+ Kf7 47.
Qh6 Ke7 48. Rc6 Qe5 49. Rxa6 Qd5 50. Ra7+ Ke8 51. Qg6+ 1-0

[Event "40th ECC Open 2025"]
[Site "Rhodes GRE"]
[Date "2025.10.20"]
[Round "2.88"]
[White "Froeyman, Helmut"]
[Black "Ahmad, Khagan"]
[Result "0-1"]
[WhiteTitle "FM"]
[BlackTitle "IM"]
[WhiteElo "2268"]
[BlackElo "2455"]
[WhiteTeam "De Stukkenjagers"]
[BlackTeam "Turkish Airlines sports club"]
[WhiteFideId "203602"]
[BlackFideId "13431552"]
[EventDate "2025.10.19"]
[EventType "team"]

1. e4 c5 2. Nf3 d6 3. d4 cxd4 4. Nxd4 Nf6 5. Nc3 a6 6. Be2 e5 7. Nb3 Be7 8. O-O
O-O 9. Be3 Be6 10. Nd5 Nbd7 11. Qd3 Bxd5 12. exd5 Rc8 13. c4 Ne8 14. Qd2 b6 15.
Kh1 f5 16. g3 a5 17. Rad1 Nef6 18. f3 g6 19. Nc1 Nh5 20. g4 fxg4 21. fxg4 Nf4
22. Bxf4 Rxf4 23. Rxf4 Bg5 24. Nd3 exf4 25. Qc3 b5 26. b3 bxc4 27. bxc4 Qe7 28.
Nc1 Ne5 29. Rd4 f3 30. Bf1 Qf6 31. Qc2 f2 32. Qd1 Bxc1 33. Qxc1 Qf3+ 34. Bg2 Qe2
35. Bf1 Qe1 36. Rd1 Qe4+ 37. Bg2 Qxg4 0-1

[Event "40th ECC Open 2025"]
[Site "Rhodes GRE"]
[Date "2025.10.20"]
[Round "2.89"]
[White "Cieslak, Patryk"]
[Black "Baselmans, Sam"]
[Result "1-0"]
[WhiteTitle "IM"]
[WhiteElo "2474"]
[BlackElo "2264"]
[WhiteTeam "Turkish Airlines sports club"]
[BlackTeam "De Stukkenjagers"]
[WhiteFideId "21078882"]
[BlackFideId "1048139"]
[EventDate "2025.10.19"]
[EventType "team"]

1. d4 Nf6 2. c4 g6 3. Nc3 Bg7 4. e4 d6 5. Be2 O-O 6. Be3 e5 7. d5 Na6 8. h4 Nc5
9. Qc2 a5 10. h5 c6 11. h6 Bh8 12. Rd1 cxd5 13. cxd5 Bd7 14. Bxc5 dxc5 15. a4
Ne8 16. Nf3 Nd6 17. Nd2 Qg5 18. g3 f5 19. Nc4 Qe7 20. Nxd6 Qxd6 21. exf5 gxf5
22. Rh5 Rf6 23. Bb5 Raf8 24. Bxd7 Qxd7 25. d6 R8f7 26. Nd5 Rxd6 27. Qxc5 Bf6 28.
Nxf6+ Rfxf6 29. Rg5+ Kh8 30. Rxd6 Qxd6 31. Qxd6 Rxd6 32. Rxf5 Rxh6 33. Rxe5 Rb6
34. Rxa5 Rxb2 35. Rb5 Ra2 36. a5 Kg8 37. Kf1 Kf8 38. Rxb7 1-0

[Event "40th ECC Open 2025"]
[Site "Rhodes GRE"]
[Date "2025.10.20"]
[Round "2.90"]
[White "Raats, Joppe"]
[Black "Erten, Kerem"]
[Result "0-1"]
[BlackTitle "FM"]
[WhiteElo "2252"]
[BlackElo "2372"]
[WhiteTeam "De Stukkenjagers"]
[BlackTeam "Turkish Airlines sports club"]
[WhiteFideId "238902"]
[BlackFideId "34588221"]
[EventDate "2025.10.19"]
[EventType "team"]

1. e4 e6 2. d4 d5 3. Nc3 dxe4 4. Nxe4 Bd7 5. Nf3 Bc6 6. Bd3 Bxe4 7. Bxe4 c6 8.
c3 Nf6 9. Bg5 Nbd7 10. Qc2 h6 11. Bh4 Be7 12. O-O Nxe4 13. Bxe7 Qxe7 14. Qxe4
O-O 15. Rad1 Qd6 16. a3 Rad8 17. Nd2 Nf6 18. Qf3 Qd5 19. Qxd5 cxd5 20. a4 a5 21.
Nb3 b6 22. Nc1 Ne4 23. Nd3 Rb8 24. f3 Nd6 25. Ra1 Rfc8 26. Rfe1 b5 27. axb5 Rxb5
28. Ra2 Nc4 29. Re2 Rcb8 30. f4 h5 31. Kf2 Rb3 32. Kg3 g6 33. h3 Kg7 34. Kf3
R3b5 35. g3 Rb3 36. Kf2 h4 37. g4 a4 38. Rxa4 Nxb2 39. Nxb2 Rxb2 40. Ra2 Rb1 41.
Re1 Rxe1 42. Kxe1 Rb1+ 43. Kf2 Rc1 44. Ra3 Rc2+ 45. Kf3 Kf6 46. g5+ Kf5 47. c4 0-1

[Event "40th ECC Open 2025"]
[Site "Rhodes GRE"]
[Date "2025.10.20"]
[Round "2.91"]
[White "Godart, Francois"]
[Black "Rozen, Eytan"]
[Result "1/2-1/2"]
[WhiteTitle "IM"]
[BlackTitle "IM"]
[WhiteElo "2381"]
[BlackElo "2510"]
[WhiteTeam "CE Gambit Bonnevoie #1"]
[BlackTeam "Beer Sheva"]
[WhiteFideId "208078"]
[BlackFideId "2816750"]
[EventDate "2025.10.19"]
[EventType "team"]

1. e4 c5 2. Nf3 d6 3. d4 cxd4 4. Nxd4 Nf6 5. Nc3 a6 6. Be3 e5 7. Nb3 Be7 8. f3
h5 9. Qd2 Be6 10. Be2 Nbd7 11. Nd5 Bxd5 12. exd5 b5 13. a4 bxa4 14. Rxa4 Nb6 15.
Ra5 Qc7 16. Bxb6 Qxb6 17. Bb5+ Kf8 18. Bc6 Ra7 19. Qf2 Bd8 20. Qxb6 Bxb6 21. Ra4
Ke7 22. Ke2 Nd7 23. Bxd7 Kxd7 24. Rha1 Rha8 25. Na5 Bxa5 26. Rxa5 Rb8 27. b3 Rc7
28. Kd3 Rb4 29. R1a4 Rxa4 30. Rxa4 Rc5 31. c4 a5 32. Kc3 f5 33. b4 axb4+ 34.
Kxb4 g5 35. Ra7+ Rc7 36. Ra8 Rb7+ 37. Kc3 Rb1 38. Ra7+ Kc8 39. Ra6 Kc7 1/2-1/2

[Event "40th ECC Open 2025"]
[Site "Rhodes GRE"]
[Date "2025.10.20"]
[Round "2.92"]
[White "Ben Ari, Yannay"]
[Black "Dishman, Stephen"]
[Result "1-0"]
[WhiteTitle "IM"]
[BlackTitle "FM"]
[WhiteElo "2459"]
[BlackElo "2211"]
[WhiteTeam "Beer Sheva"]
[BlackTeam "CE Gambit Bonnevoie #1"]
[WhiteFideId "2815222"]
[BlackFideId "403024"]
[EventDate "2025.10.19"]
[EventType "team"]

1. c4 e5 2. d3 d6 3. Nc3 Be7 4. g3 f5 5. Bg2 Nf6 6. Nf3 O-O 7. O-O c6 8. Rb1 Kh8
9. b4 Qe8 10. b5 c5 11. Bg5 Nbd7 12. Nd2 h6 13. Bxf6 Nxf6 14. b6 a6 15. e3 Bd8
16. a4 Rb8 17. a5 Bd7 18. Re1 Bc6 19. Bxc6 Qxc6 20. f4 Kh7 21. Qf3 Qxf3 22. Nxf3
Re8 23. fxe5 dxe5 24. e4 f4 25. gxf4 exf4 26. e5 Ng8 27. Ne4 Be7 28. d4 cxd4 29.
c5 Bf8 30. c6 bxc6 31. Nxd4 c5 32. Nc6 Rb7 33. Nd6 Bxd6 34. exd6 Rc8 35. Rbd1
Nf6 36. Re7 Nd7 37. Ne5 Rd8 38. Nxd7 Rbxd7 39. Rxd7 Rxd7 40. b7 Rd8 41. d7 1-0

[Event "40th ECC Open 2025"]
[Site "Rhodes GRE"]
[Date "2025.10.20"]
[Round "2.93"]
[White "Buhr, Carl Christian"]
[Black "Kobo, Ori"]
[Result "0-1"]
[WhiteTitle "FM"]
[BlackTitle "GM"]
[WhiteElo "2248"]
[BlackElo "2480"]
[WhiteTeam "CE Gambit Bonnevoie #1"]
[BlackTeam "Beer Sheva"]
[WhiteFideId "4619307"]
[BlackFideId "2812320"]
[EventDate "2025.10.19"]
[EventType "team"]

1. d4 Nf6 2. Nf3 e6 3. c4 Bb4+ 4. Bd2 Qe7 5. g3 Bxd2+ 6. Nbxd2 d6 7. Bg2 O-O 8.
Qc2 e5 9. e3 Nc6 10. O-O a5 11. a3 a4 12. Rac1 Bg4 13. Rfe1 Rfe8 14. h3 Bh5 15.
d5 Nb8 16. Nh4 Nbd7 17. f4 exf4 18. gxf4 Nc5 19. Nf5 Qd7 20. Ng3 h6 21. e4 Bg6
22. Re3 c6 23. dxc6 bxc6 24. Rce1 Rab8 25. b4 axb3 26. Nxb3 Qa7 27. Kh2 Nxb3 28.
Rxb3 Rxb3 29. Qxb3 Rb8 30. Qe3 Qa5 31. e5 dxe5 32. Qxe5 Qa7 33. f5 Bh5 34. c5
Rd8 35. Ne4 Nxe4 36. Rxe4 f6 37. Qe6+ Bf7 38. Qxc6 Qb8+ 39. Kg1 Bd5 40. Qb6 Bxe4
41. Qxb8 Rxb8 42. Bxe4 Kf8 43. a4 Rb4 44. Bd5 Rxa4 0-1

[Event "40th ECC Open 2025"]
[Site "Rhodes GRE"]
[Date "2025.10.20"]
[Round "2.94"]
[White "Postny, Evgeny"]
[Black "Bednarich, Jan"]
[Result "1-0"]
[WhiteTitle "GM"]
[BlackTitle "FM"]
[WhiteElo "2529"]
[BlackElo "2206"]
[WhiteTeam "Beer Sheva"]
[BlackTeam "CE Gambit Bonnevoie #1"]
[WhiteFideId "2804344"]
[BlackFideId "806730"]
[EventDate "2025.10.19"]
[EventType "team"]

1. d4 Nf6 2. c4 e6 3. Nf3 Nc6 4. g3 Bb4+ 5. Bd2 Qe7 6. Nc3 d5 7. Qc2 Bd7 8. Bg2
O-O 9. O-O dxc4 10. e4 h6 11. Rfe1 a6 12. a3 Bxc3 13. Bxc3 b6 14. d5 Na5 15. Bb4
Qd8 16. dxe6 Bxe6 17. Rad1 Qc8 18. Bxf8 Qxf8 19. Nd4 Bg4 20. e5 Bxd1 21. Rxd1
Nh7 22. Bxa8 Qxa8 23. e6 Qe8 24. exf7+ Qxf7 25. Nf5 Nf8 26. Qe4 Qf6 27. Ne7+ Kf7
28. Nd5 Qd6 29. Re1 Kg8 30. Ne7+ Kf7 31. Qf5+ Qf6 32. Qd5+ Ne6 33. Nf5 Nc6 34.
Nxg7 Nd4 35. Nxe6 Nxe6 36. Qxc4 c5 37. Qd5 b5 38. Re5 1-0

[Event "40th ECC Open 2025"]
[Site "Rhodes GRE"]
[Date "2025.10.20"]
[Round "2.95"]
[White "Filipovic, Slobodan J"]
[Black "Huzman, Alexander"]
[Result "1/2-1/2"]
[WhiteTitle "CM"]
[BlackTitle "GM"]
[WhiteElo "2182"]
[BlackElo "2521"]
[WhiteTeam "CE Gambit Bonnevoie #1"]
[BlackTeam "Beer Sheva"]
[WhiteFideId "939633"]
[BlackFideId "2803828"]
[EventDate "2025.10.19"]
[EventType "team"]

1. c4 e6 2. Nf3 d5 3. e3 Nf6 4. b3 c5 5. Bb2 Nc6 6. cxd5 exd5 7. Bb5 Bd6 8. O-O
O-O 9. Bxc6 bxc6 10. d3 Bg4 11. Nbd2 Nd7 12. Qc2 Re8 13. Rfe1 Re6 14. h3 Bh5 15.
e4 Bg6 16. Rac1 a5 17. a4 Rb8 18. Qc3 Bf8 19. Qc2 Bd6 20. Qc3 Bf8 21. Qc2 Bd6 1/2-1/2

[Event "40th ECC Open 2025"]
[Site "Rhodes GRE"]
[Date "2025.10.20"]
[Round "2.96"]
[White "Vydeslaver, Alik"]
[Black "Bjarnason, Oskar"]
[Result "1-0"]
[WhiteTitle "IM"]
[WhiteElo "2373"]
[BlackElo "2118"]
[WhiteTeam "Beer Sheva"]
[BlackTeam "CE Gambit Bonnevoie #1"]
[WhiteFideId "2801876"]
[BlackFideId "2301237"]
[EventDate "2025.10.19"]
[EventType "team"]

1. e4 e5 2. Nf3 Nf6 3. Nc3 Bb4 4. d3 d5 5. exd5 Qxd5 6. Bd2 Bxc3 7. Bxc3 Nc6 8.
Be2 Bf5 9. O-O O-O-O 10. Ng5 Nd4 11. Bxd4 exd4 12. Bf3 Qd7 13. Re1 Rhe8 14. Qd2
h6 15. Ne4 Nxe4 16. Bxe4 Bxe4 17. dxe4 Qb5 18. b3 Re6 19. Rad1 a5 20. Qf4 Rd7
21. Rd3 Rc6 22. c4 Qb4 23. Red1 a4 24. e5 axb3 25. axb3 g5 26. Qg4 Re6 27. Rxd4
Rxd4 28. Qxd4 b6 29. Qd5 Qa5 30. Qxa5 bxa5 31. Rd5 Rb6 32. Rxa5 Rxb3 33. g3 Rb4
34. Ra6 Rxc4 35. Rxh6 Kd7 36. h4 Re4 37. hxg5 Rxe5 38. f4 Re2 39. Rh2 Re1+ 40.
Kf2 Rc1 41. Kf3 c5 42. Re2 c4 43. Kg4 c3 44. Re3 c2 45. Re2 Kd6 46. f5 Kd7 47.
g6 fxg6 48. fxg6 Rf1 49. Rxc2 Ke7 50. Rc7+ Kf8 51. Rf7+ 1-0

[Event "40th ECC Open 2025"]
[Site "Rhodes GRE"]
[Date "2025.10.20"]
[Round "2.97"]
[White "Cheng, Bobby"]
[Black "Kjartansson, Gudmundur"]
[Result "1/2-1/2"]
[WhiteTitle "GM"]
[BlackTitle "GM"]
[WhiteElo "2596"]
[BlackElo "2422"]
[WhiteTeam "SV Werder Bremen"]
[BlackTeam "Reykjavik chess club"]
[WhiteFideId "4300033"]
[BlackFideId "2301318"]
[EventDate "2025.10.19"]
[EventType "team"]

1. Nf3 d5 2. e3 Nf6 3. c4 e6 4. Nc3 Be7 5. b3 O-O 6. Bb2 c5 7. cxd5 exd5 8. Rc1
Be6 9. d4 Nc6 10. Be2 Qa5 11. O-O cxd4 12. Nxd4 Nxd4 13. Qxd4 Ba3 14. Nb5 Bxb2
15. Qxb2 Rfc8 16. Nd6 Rc7 17. Rxc7 Qxc7 18. Nb5 Qb6 19. Rc1 a6 20. Qa3 Qd8 21.
Nd4 Rc8 22. h3 Rxc1+ 23. Qxc1 Qc8 24. Qa3 Qc7 25. Bd3 h6 26. Qb2 Ne8 27. Bf5 Bc8
28. Bxc8 Qxc8 29. Qa3 Qc7 30. Nf5 Qe5 31. g4 Nf6 32. Qb4 h5 33. Kg2 hxg4 34.
hxg4 g6 35. Ng3 b5 36. Kf3 Qb2 37. Qd4 Qxd4 38. exd4 Kf8 39. Kf4 Ke7 40. f3 Nd7
41. Ne2 Kf6 42. Ke3 Ke6 43. Nf4+ Kd6 44. Nd3 g5 45. b4 f6 46. Nc5 Nb8 47. Kd3
Ke7 48. Kc3 Kd6 49. a3 Ke7 50. Kd3 Kd6 51. Kd2 Ke7 52. Kc3 Kd6 53. Kd3 Ke7 54.
Ke3 Kd6 55. f4 Ke7 56. f5 Kd6 57. Kd3 Ke7 58. Kc3 Kd6 59. a4 Ke7 60. Kb3 Kd6 61.
Kc3 Ke7 62. Kb3 Kd6 1/2-1/2

[Event "40th ECC Open 2025"]
[Site "Rhodes GRE"]
[Date "2025.10.20"]
[Round "2.98"]
[White "Domalchuk-Jonasson, Aleksandr"]
[Black "Wachinger, Nikolas"]
[Result "1-0"]
[WhiteTitle "IM"]
[BlackTitle "IM"]
[WhiteElo "2373"]
[BlackElo "2456"]
[WhiteTeam "Reykjavik chess club"]
[BlackTeam "SV Werder Bremen"]
[WhiteFideId "14142805"]
[BlackFideId "12962791"]
[EventDate "2025.10.19"]
[EventType "team"]

1. e4 c5 2. Nc3 Nc6 3. Nf3 g6 4. d4 cxd4 5. Nxd4 Bg7 6. Be3 Nf6 7. Bc4 d6 8. f3
O-O 9. Bb3 Na5 10. Qd2 Nxb3 11. Nxb3 Bd7 12. h4 h5 13. Bh6 a5 14. a4 Kh7 15.
Bxg7 Kxg7 16. Nd4 Qb6 17. O-O-O Rac8 18. g4 hxg4 19. h5 Rh8 20. hxg6 fxg6 21.
Nd5 Qd8 22. fxg4 Bxg4 23. Qg5 Qd7 24. Rhg1 Qxa4 25. Rxg4 Nxg4 26. Ne6+ 1-0

[Event "40th ECC Open 2025"]
[Site "Rhodes GRE"]
[Date "2025.10.20"]
[Round "2.99"]
[White "Colbow, Collin"]
[Black "Thorhallsson, Throstur"]
[Result "1-0"]
[WhiteTitle "IM"]
[BlackTitle "GM"]
[WhiteElo "2435"]
[BlackElo "2391"]
[WhiteTeam "SV Werder Bremen"]
[BlackTeam "Reykjavik chess club"]
[WhiteFideId "16201132"]
[BlackFideId "2300109"]
[EventDate "2025.10.19"]
[EventType "team"]

1. e4 c5 2. Nf3 Nc6 3. d4 cxd4 4. Nxd4 e5 5. Nb5 d6 6. c4 Be6 7. N1c3 a6 8. Na3
g6 9. Be3 Bg7 10. Nc2 Rc8 11. Be2 Nf6 12. O-O O-O 13. f3 Nh5 14. Qd2 Nf4 15.
Rfd1 Na5 16. b3 b5 17. Nd5 Bxd5 18. cxd5 Nxe2+ 19. Qxe2 f5 20. Nb4 fxe4 21. fxe4
Qh4 22. Bf2 Rxf2 23. Qxf2 Qxe4 24. Rac1 Rf8 25. Qe1 Qg4 26. Rc7 Bh6 27. h3 Be3+
28. Kh1 Qg5 29. Nd3 e4 30. Qxa5 exd3 31. Qc3 Qe5 32. Qxd3 Bb6 33. Rb7 Bc5 34.
Rf1 Rf4 35. Qb1 Bf2 36. Qc1 Qf5 37. Qc7 1-0

[Event "40th ECC Open 2025"]
[Site "Rhodes GRE"]
[Date "2025.10.20"]
[Round "2.100"]
[White "Johannesson, Ingvar Thor"]
[Black "Grigorian, Spartak"]
[Result "0-1"]
[WhiteTitle "FM"]
[BlackTitle "IM"]
[WhiteElo "2256"]
[BlackElo "2424"]
[WhiteTeam "Reykjavik chess club"]
[BlackTeam "SV Werder Bremen"]
[WhiteFideId "2301490"]
[BlackFideId "24661490"]
[EventDate "2025.10.19"]
[EventType "team"]

1. e4 c5 2. Nf3 e6 3. b3 b6 4. Bb2 Bb7 5. e5 Nc6 6. Na3 f6 7. Nc4 Nh6 8. a4 Nf7
9. a5 Rc8 10. a6 Ba8 11. h4 Be7 12. h5 fxe5 13. Nfxe5 Nfxe5 14. Nxe5 Bf6 15.
Nxc6 Bxc6 16. Bxf6 Qxf6 17. c3 O-O 18. Qe2 Bd5 19. Rb1 Qf5 20. Rb2 c4 21. b4 b5
22. Qe3 Rc6 23. Qxa7 Rxa6 24. Qxa6 Qxf2+ 25. Kd1 Ra8 26. Qxa8+ Bxa8 27. Ra2 Bf3+
28. Kc2 Bc6 29. Ra1 e5 30. Rd1 d5 31. Rh3 d4 32. h6 gxh6 33. Kc1 Kg7 34. Kb2 Be4
35. Kc1 Kg6 36. Kb2 h5 37. Kc1 h4 38. Kb2 Kg5 39. Kc1 h6 40. Kb2 h5 41. Kc1 Bc6
42. Kc2 Kg4 43. Kc1 Bxg2 44. Bxg2 Qxg2 45. Rhh1 h3 46. Rhe1 dxc3 47. dxc3 h2 48.
Kb1 e4 49. Kc1 Kf3 50. Kb1 e3 51. Ka1 Qf2 52. Rh1 Kg2 0-1

[Event "40th ECC Open 2025"]
[Site "Rhodes GRE"]
[Date "2025.10.20"]
[Round "2.101"]
[White "Reuker, Jari"]
[Black "Omarsson, Adam"]
[Result "1-0"]
[WhiteTitle "IM"]
[BlackTitle "CM"]
[WhiteElo "2390"]
[BlackElo "2093"]
[WhiteTeam "SV Werder Bremen"]
[BlackTeam "Reykjavik chess club"]
[WhiteFideId "12909300"]
[BlackFideId "2311453"]
[EventDate "2025.10.19"]
[EventType "team"]

1. d4 Nf6 2. c4 c5 3. d5 d6 4. Nc3 g6 5. e4 Bg7 6. Bd3 O-O 7. h3 e6 8. Nf3 exd5
9. exd5 Na6 10. O-O Nc7 11. a4 Rb8 12. Bf4 Nfe8 13. Qd2 b6 14. Rfe1 a6 15. Bg5
Bf6 16. Bh6 Bg7 17. Rab1 Bd7 18. b4 cxb4 19. Rxb4 a5 20. Rbb1 Na6 21. Bxg7 Kxg7
22. Nd4 Nc5 23. Bc2 Nc7 24. Re3 Qg5 25. Rf1 Rbe8 26. f4 Qh4 27. Ref3 f5 28. Rb1
Ne4 29. Qd3 Kg8 30. Rff1 Na6 31. Nxe4 Nb4 32. Qg3 Qe7 33. Ng5 Qf6 34. Qf2 Rc8
35. Bb3 Nd3 36. Qe3 Nc5 37. Nge6 Rfe8 38. Rfe1 Ne4 39. Kh2 Nc5 40. Bc2 Rb8 41.
Qd2 1-0

[Event "40th ECC Open 2025"]
[Site "Rhodes GRE"]
[Date "2025.10.20"]
[Round "2.102"]
[White "Jonsson, Gauti Pall"]
[Black "Schulze, Lara"]
[Result "1/2-1/2"]
[BlackTitle "FM"]
[WhiteElo "2134"]
[BlackElo "2319"]
[WhiteTeam "Reykjavik chess club"]
[BlackTeam "SV Werder Bremen"]
[WhiteFideId "2309092"]
[BlackFideId "12956830"]
[EventDate "2025.10.19"]
[EventType "team"]

1. e4 c5 2. Nf3 d6 3. d4 cxd4 4. Nxd4 Nf6 5. Nc3 Nc6 6. Nd5 Nxd5 7. exd5 Qa5+ 8.
Bd2 Qxd5 9. Nb5 Qe6+ 10. Be2 Qd7 11. c4 e6 12. O-O Be7 13. Bf4 e5 14. Be3 O-O
15. Qd2 Qd8 16. Rfd1 Be6 17. b3 a6 18. Nc3 h6 19. Bf3 f5 20. Bd5 Bxd5 21. Nxd5
Bg5 22. f4 Bf6 23. Bb6 Qd7 24. Nxf6+ Rxf6 25. fxe5 Nxe5 26. Qd5+ Qf7 27. Bc7
Qxd5 28. Rxd5 Nf7 29. Rad1 Re8 30. Bxd6 Re2 31. Bf4 Rxa2 32. Rd7 Rg6 33. g3 Rb6
34. Be3 Rxb3 35. Bd4 Rc2 36. c5 a5 37. Re1 Rd3 38. Rf1 a4 39. Rxf5 Rd1+ 40. Rf1
Rxf1+ 41. Kxf1 a3 42. Rxb7 Rc4 43. Be3 Ra4 44. Rb1 a2 45. Ra1 Ne5 46. Ke2 Kf7
47. Bc1 Ke6 48. Kd2 Kd5 49. Kc3 Rc4+ 50. Kb3 Rxc5 51. Ba3 Rb5+ 52. Ka4 Rb8 53.
Rxa2 Nc4 54. Bb4 Kd4 55. Kb3 Ne5 56. Ka4 Nd3 57. Ba3 Kc3 58. Ka5 Ne5 59. Ka6 Nc4
60. Bc5 Ra8+ 61. Ba7 Nd6 62. Rf2 Kc4 63. Rc2+ Kd5 64. Rd2+ Kc6 65. Rc2+ Kd7 66.
Rd2 Ke6 67. Re2+ Kf5 68. Rd2 Ke6 69. Re2+ Kd7 70. Rd2 g5 71. h3 Ke6 72. Re2+ Kf5
73. g4+ Kf6 74. Rf2+ Ke6 75. Re2+ Kd7 76. Rd2 Kc6 77. Rc2+ Kd5 78. Rd2+ Ke5 79.
Re2+ Ne4 80. Kb7 Re8 81. Bb8+ Kd4 82. Ra2 Ke3 83. Ba7+ Kf3 84. Ra6 Re7+ 85. Kc8
Rh7 86. Kd8 Kg2 87. Ra3 Ng3 88. Bd4 Rf7 89. Ke8 Rf4 90. Bg7 Re4+ 91. Kf7 Kxh3
92. Bxh6 Rxg4 93. Kg6 Kh4 94. Ra1 Ne4 1/2-1/2

[Event "40th ECC Open 2025"]
[Site "Rhodes GRE"]
[Date "2025.10.20"]
[Round "2.103"]
[White "Straka, Vojtech"]
[Black "Dotzer, Lukas"]
[Result "0-1"]
[WhiteTitle "IM"]
[BlackTitle "IM"]
[WhiteElo "2414"]
[BlackElo "2463"]
[WhiteTeam "SK Oaza Praha loznice.cz"]
[BlackTeam "Schachfreunde Berlin 1903"]
[WhiteFideId "312509"]
[BlackFideId "1666975"]
[EventDate "2025.10.19"]
[EventType "team"]

1. d4 Nf6 2. c4 e6 3. g3 d5 4. Nf3 Be7 5. Bg2 O-O 6. O-O c6 7. Qc2 Nbd7 8. Bf4
a5 9. Rd1 a4 10. a3 Ne4 11. Nc3 Nxc3 12. Qxc3 Nb6 13. Nd2 g5 14. Be3 f5 15. c5
Nd7 16. Nf3 Rf7 17. Rab1 Rg7 18. b4 axb3 19. Rxb3 Qe8 20. Ne5 Nxe5 21. dxe5 h5
22. Ra1 Rh7 23. a4 h4 24. a5 hxg3 25. hxg3 Bd8 26. Qd2 Qh5 27. Kf1 Kf8 28. Ra4
Ke8 29. Rba3 Rg7 30. f3 f4 31. gxf4 g4 32. Bg1 gxf3 33. exf3 Qg6 34. Ra1 b5 35.
R4a2 b4 36. Bd4 b3 37. Ra3 Ba6+ 38. Kg1 Rb8 39. Rd1 Rh7 40. Qb2 Qg3 41. Raa1
Rbb7 0-1